000 00867nam a2200265Ia 4500
003 OSt
005 20221005063531.0
006 a|||||r|||| 00| 0
007 ta
008 221004b |||||||| |||| 00| 0 eng d
020 _a1842774913
_c1500.62
024 _a83201
037 _b18695, 30/03/2005, Segment Book Distributors
_cTextual
040 _aCRL
_cCRL
_beng
041 _2eng
_aeng
082 _aY:7:7.641, P4
100 _aTrefon Theodore Ed.
_9602913
245 0 _aReinventing order in the Congo
_b How people resond to State failure in Kinshasa edited by Theodore Trefon
260 _aLondon
_bZed Books U. K.
_c2004
300 _a222p.
_ccm.
650 _a SOCIOLOGY
650 _aPERSONALITY
942 _hY:7:7.641, P4
_cTEXL
_2cc
999 _c971600
_d971600